Szczegóły MARC21

Ekonomika transportu /

005 -DATA I CZAS OSTATNIEJ MODYFIKACJI [,]
    • @
    • pole kontrolne
    • 20130704125148.0
020 -Międzynarod. znormalizowany nr książki - ISBN [ , ]
    • a
    • Numer ISBN
    • 8320608163 Find
040 -Instytucja sporządzająca opis [ , ]
    • a
    • Instytucja, która sporządziła opis (NP)
    • SZCZ U
    • c
    • Instytucja, która sporządziła rekord (NP)
    • SZCZ U
    • d
    • Instytucja, która zmodyfikowała rekord (P)
    • SZCZ U/MS
041 -Język dokumentu [0, ]
    • a
    • Język tekstu (P)
    • polski
    • h
    • Język tekstu oryginalnego i/lub pośredniego (P)
    • polski
044 -Kraj miejsca wydania [ , ]
    • a
    • Kraj miejsca wydania
    • Polska
942 -Rodzaj dokumentu [ , ]
    • c
    • Rodzaj dokumentu
    • Książka
100 -Hasło główne - nazwa osobowa [1, ]
    • 9
    • KHW
    • 47027
    • a
    • Nazwa osobowa (NP)
    • Grzywacz, Waldemar
    • d
    • Daty biograficzne (NP)
    • (1932- ).
245 -Strefa tytułu i oznaczenia odpowiedzialności [1,0]
    • a
    • Tytuł
    • Ekonomika transportu / Find
    • c
    • Pozostałe elementy strefy tytułu i oznaczenia odpowiedzialności (NP)
    • Waldemar Grzywacz, Jan Burnewicz.
260 -Strefa adresu wydawniczego [ , ]
    • a
    • Miejsce wydania (P)
    • Warszawa :
    • b
    • Nazwa wydawcy (P)
    • Wydawnictwo Komunikacji i Łączności,
    • c
    • Data wydania (P)
    • 1989.
300 -Strefa opisu fizycznego [ , ]
    • a
    • Określenie formy książki i/lub objętość (NP)
    • 365, [2] s. :
    • b
    • Oznaczenie ilustracji (NP)
    • il. ;
    • c
    • Format (NP)
    • 21 cm.
504 -Uwaga dot. bibliogr. załącznikowej [ , ]
    • a
    • Uwaga dot. bibliografii załącznikowej
    • Bibliogr. Ind.
080 -Uniwersalna Klasyfikacja Dziesiętna [ , ]
    • a
    • Symbol klasyfikacji
    • 338.47::656.1/.7
    • 2
    • Identyfikator wydania tablic
    • UDC-P058
    • 9
    • UKD
    • 3256
    • b
    • Dopowiedzenie
    • Gospodarcze aspekty transportu. Ekonomika transportu.
    • 4
    • UKD2
    • 7665
    • x
    • Poddział wspólny
    • (075.8)
    • c
    • Dopowiedzenie poddz. wspólnego
    • (Podręczniki dla szkół wyższych. Skrypty).
980 -Symbol UKD [ , ]
    • a
    • UKD
    • 338.47::656.1/.7(075.8)
700 -Hasło dodatkowe - nazwa osobowa [1, ]
    • 9
    • KHW
    • 55989
    • a
    • Nazwa osobowa (NP)
    • Burniewicz Jan Find
    • d
    • Daty biograficzne (NP)
    • (1947- ).
710 -Hasło dodatkowe - nazwa ciała zbiorowego [2, ]
    • 9
    • KHW
    • 53408
    • 4
    • Kod relacji
    • pbl
    • a
    • Nazwa ciała zbiorowego lub nazwa geograficzna jako pierwszy element (NP)
    • Wydawnictwa Komunikacji i Łączności.
920 -ISBN [ , ]
    • a
    • ISBN
    • 83-206-0816-3 Find
Data inwentaryzacji Lokalizacja Status udost. Uwagi nie widoczne w OPAC Numer inwentarzowy Sygnatura
BE2retrokonwersjaE.58326 
BE2retrokonwersjaS.66623 
BE2retrokonwersjaS.66624 
BE2retrokonwersjaS.66626 
BE2retrokonwersjaS.66627 
BE2retrokonwersjaS.66628 
BE2retrokonwersjaS.66629 
BE2retrokonwersjaS.66630 
BE2retrokonwersjaS.66631 
BE2retrokonwersjaS.66633 
BE2retrokonwersjaS.66634 
BE2retrokonwersjaS.66635 
BE2retrokonwersjaS.66637 
BE2retrokonwersjaS.66638 
BE2retrokonwersjaS.66639 
BE-6retrokonwersjaS.66640 
BE2retrokonwersjaS.66641 
BE2retrokonwersjaS.66642 
BE2retrokonwersjaS.66643 
BE2retrokonwersjaS.66644 
BE2retrokonwersjaS.66645 
BE2retrokonwersjaS.66646 
BE2retrokonwersjaS.66647 
BE2retrokonwersjaS.66648 
BE-6retrokonwersjaS.66649 
BE-6retrokonwersjaS.66652 
BE-6retrokonwersjaS.66653 
BE2retrokonwersjaS.66656 
BE2retrokonwersjaS.66657 
BE2retrokonwersjaS.66658 
BE2retrokonwersjaS.66660 
BE-6retrokonwersjaS.72011 
BE2retrokonwersjaS.80934 
T-3retrokonwersjaTS.66632TS.66632
T-3retrokonwersjaTS.66636TS.66636
T-3retrokonwersjaTS.66650TS.66650
T-3retrokonwersjaTS.66651TS.66651
T-6retrokonwersjaTS.66659 
T-3retrokonwersjaTS.66621TS.66621
T-3retrokonwersjaTS.66625TS.66625
T-6retrokonwersjaTS.66622 
T-3retrokonwersjaTS.66654TS.66654
T-6retrokonwersjaTS.66655 
T-3retrokonwersjaTS.73708TS.73708